LIBRARY & INFORMATION CENTRE, KCAET, TAVANUR

ONLINE PUBLIC ACCESS CATALOGUE (OPAC)

Physical chemistry / (Record no. 10232)

MARC details
000 -LEADER
fixed length control field 00426cam a2200181ua 4500
041 ## - LANGUAGE CODE
Language code of text/sound track or separate title eng
082 ## - DEWEY DECIMAL CLASSIFICATION NUMBER
Classification number 541.3
Item number KUN/PH
100 ## - MAIN ENTRY--AUTHOR NAME
Personal name Kundu, N .
245 ## - TITLE STATEMENT
Title Physical chemistry /
260 ## - PUBLICATION, DISTRIBUTION, ETC. (IMPRINT)
Place of publication New Delhi :
Name of publisher S.Chand and Co ,
Year of publication 1984.
300 ## - PHYSICAL DESCRIPTION
Number of Pages 1116 ; .
700 1# - ADDED ENTRY--PERSONAL NAME
Personal name Jain , S K .
942 ## - ADDED ENTRY ELEMENTS (KOHA)
Koha item type Books
Holdings
Withdrawn status Lost status Damaged status Home library Current library Date acquired Full call number Accession Number Koha item type
      KAUAET KAUAET 01/09/1986 541.3 KUN/PH 15584 Books
free website counter